|
|
|
|
| LEADER |
00000nam a2200000 a 4500 |
| 001 |
UCS4853 |
| 003 |
CL-VaPUC |
| 008 |
970814e19950000US |||||||||||||||||eng|d |
| 082 |
0 |
4 |
|a 628.53
|b MYC
|2 21
|
| 100 |
|
|
|a Mycock, John C.
|e author
|9 390646
|
| 700 |
0 |
|
|a McKenna, John D
|e author
|9 390647
|
| 700 |
0 |
|
|a Theodore, Louis
|e author
|9 390648
|
| 245 |
1 |
0 |
|a Handbook of control engineering and technology
|
| 300 |
|
|
|a 405 p
|
| 942 |
|
|
|c BK
|
| 945 |
|
|
|d 19970814 00:00:00
|a rleighto
|
| 260 |
|
|
|a Boca Ratón
|b Lewis
|c 1995
|
| 650 |
|
0 |
|a Aire
|9 261540
|
| 650 |
|
0 |
|a Contaminación del aire
|9 255745
|
| 650 |
|
7 |
|a PURIFICACION DEL AIRE
|2 CL-VaPUC
|9 325559
|
| 650 |
|
7 |
|a CICLONES
|2 CL-VaPUC
|9 262164
|
| 650 |
|
7 |
|a DISPERCION ATMOSFERICA
|2 CL-VaPUC
|9 390649
|
| 650 |
|
0 |
|a Manuales
|9 257144
|
| 583 |
|
|
|a last modification
|c 20190710 09:30:09
|k Rodrigo Vera
|
| 999 |
|
|
|c 261640
|d 261638
|
| 952 |
|
|
|0 0
|1 0
|4 0
|6 628_530000000000000_MYC_1995
|7 0
|8 A
|9 289339
|a BIBING
|b BIBING
|d 2019-11-19
|i 3339491
|o 628.53 MYC 1995
|p 3339491
|r 2025-01-20
|w 2019-11-19
|y BK
|k EIQ
|